| 000 | 00353nam a2200133Ia 4500 | ||
|---|---|---|---|
| 008 | 240624s9999 xx 000 0 und d | ||
| 041 | _aeng | ||
| 082 | _a658.155 VED | ||
| 100 | _aVEDPURISWAR A V | ||
| 245 | _aENTERPRISE RISK MANAGEMENT CONCEPTS AND | ||
| 260 |
_c2004 _aHyderabad _bICFAI University |
||
| 300 | _aix, : 194 : p. : cm. ; 23 | ||
| 365 | _cRS | ||
| 999 |
_c2835 _d2835 |
||